000 00430nam a22001817a 4500
999 _c6332
_d6330
005 20210825155444.0
008 200520b xxu||||| |||| 00| 0 eng d
020 _a9789374734735
041 _aeng
082 _a615.1 SHA
100 _aSHARMA, D.C
_96649
245 _aBiochemistry for Nurses
250 _a1'st
260 _aDelhi
_bAITBS PUBLISHERS
_c2018,
300 _a398, XXIV
650 _aPharmacy
_96650
942 _cBK